00552nam a22001932 4500001001100000005001700011008004100028020001700069040001500086100003200101245004100133250001200174260004100186300001600227650003500243650003400278650004300312852000300355000002372720151217152247.0130320s xx 000 0 eng d a9966003188 : aKABUcKABU1 aTuraki, Yusufu.@000015788714aThe trinity of sin /cYusufu Turaki. a1st ed. aNairobi, Kenya :bHippobooks,c2012. axiv, 194 p. 0aSinxchristianity.@0000183389 0aTheologyzAfrica.@0000159544 0aJesus christxcrucifixion.@00001833901